Statistics for montreal canadiens 100 point getters

Click here to take the quiz!

General Stats

  • This quiz has been taken 230 times
  • The average score is 8 of 10

Answer Stats

#of pointsAnswer% Correct
136lafleur
100%
132lafleur
100%
129lafleur
100%
125lafleur
100%
125lafleur
100%
119lafleur
100%
105shutt
62%
110naslund
39%
117mahovlich
34%
105mahovlich
34%

Score Distribution

Percentile by Number Answered

Percent of People with Each Score

Your Score History

You have not taken this quiz